Wuthering heights

Bewaard in:
Bibliografische gegevens
Hoofdauteur: Brontë, Emily (Auteur)
Formaat: Boek
Taal:Engels
Gepubliceerd in: Nueva York The Pocket Books 1939
Reeks:The Vindicativeness of Disappointed Love, 7
Onderwerpen:
Tags: Voeg label toe
Geen labels, Wees de eerste die dit record labelt!

MARC

LEADER 00000nam a2200000 a 4500
001 UCN8958
003 CL-VaPUC
008 011123e19390000US |||||||||||||||||eng|d
082 0 4 |a 823  |b BRO  |2 21 
100 0 |a Brontë, Emily  |e author  |9 332916 
245 1 0 |a Wuthering heights 
300 |a 362 p 
942 |c BK 
945 |d 20011123 00:00:00  |a cmena 
260 |a Nueva York  |b The Pocket Books  |c 1939 
650 0 |a Novelas inglesas  |9 265220 
583 |a last modification  |c 20120829 01:37:24  |k Rodrigo Vera 
490 0 |a The Vindicativeness of Disappointed Love, 7 
999 |c 298635  |d 298633 
952 |0 0  |1 0  |4 0  |6 823_000000000000000_BRO_1939  |7 0  |8 A  |9 354387  |a BIBEDU  |b BIBEDU  |d 2019-11-21  |i 3774651  |l 2  |m 1  |o 823 BRO 1939  |p 3774651  |r 2022-09-15  |s 2022-09-13  |w 2019-11-21  |y BK  |k LIT